Expedición pedagógica nacional: huellas y registros
Αποθηκεύτηκε σε:
| Συγγραφή απο Οργανισμό/Αρχή: | |
|---|---|
| Μορφή: | Βιβλίο |
| Γλώσσα: | Ισπανικά |
| Έκδοση: |
Bogotá
Universidad Pedagógica Nacional
2001
|
| Θέματα: | |
| Ετικέτες: |
Προσθήκη ετικέτας
Δεν υπάρχουν, Καταχωρήστε ετικέτα πρώτοι!
|
MARC
| LEADER | 00000nam a2200000 a 4500 | ||
|---|---|---|---|
| 001 | UCM6456 | ||
| 003 | CL-VaPUC | ||
| 005 | 20210105001316.0 | ||
| 008 | 021108e20010000ck 1 spa d | ||
| 082 | 0 | 4 | |a 370.1 |b UNI |2 21 |
| 110 | 2 | |a Universidad Pedagógica Nacional |e author |9 620194 | |
| 245 | 1 | 0 | |a Expedición pedagógica nacional: huellas y registros |
| 260 | |a Bogotá |b Universidad Pedagógica Nacional |c 2001 | ||
| 300 | |a 241 p | ||
| 583 | |a last modification |c 20021108 00:00:00 |k Rodrigo Vera | ||
| 650 | 0 | 0 | |a Filosofía de la educación |9 258384 |
| 650 | 0 | 0 | |a Formación profesional de profesores |9 307493 |
| 650 | 0 | 0 | |a Investigación educacional |9 261192 |
| 942 | |c BK | ||
| 945 | |a cmena |d 20021108 00:00:00 | ||
| 546 | |a En Español | ||
| 518 | |p Encuentro Nacional de Viajeros, Armenia, Diciembre de 2000 | ||
| 999 | |c 383811 |d 383809 | ||
| 952 | |0 0 |1 0 |4 0 |6 370_100000000000000_UNI_2001 |7 0 |8 A |9 506086 |a BIBEDU |b BIBEDU |d 2020-01-23 |i 3855600 |o 370.1 UNI 2001 |p 3855600 |r 2020-01-23 |w 2020-01-23 |y BK |k EDU | ||